Statistiques concernant Devinez l'État Américain Mystère #45

Cliquez ici pour prendre le quiz!

Statistiques générales

  • Ce quiz a été pris 138 fois
  • Le résultat moyen est 30 sur 33

Statistiques - réponses

Type de RéponseRéponse% Correct
Lettre de l'AlphabetA
100%
Lettre de l'AlphabetL
100%
Lettre TrouvéeN
100%
Lettre de l'AlphabetS
100%
Lettre TrouvéeE
99%
Lettre de l'AlphabetI
99%
Lettre de l'AlphabetD
98%
Lettre de l'AlphabetK
98%
Lettre TrouvéeO
98%
Lettre TrouvéeR
98%
Lettre de l'AlphabetW
97%
Lettre de l'AlphabetT
96%
Lettre de l'AlphabetH
95%
Lettre de l'AlphabetM
95%
Lettre de l'AlphabetV
95%
Lettre de l'AlphabetC
94%
Lettre de l'AlphabetU
94%
Lettre de l'AlphabetY
94%
Lettre TrouvéeG
93%
Lettre de l'AlphabetF
92%
Lettre de l'AlphabetX
89%
Lettre de l'AlphabetB
87%
Lettre de l'AlphabetP
87%
Lettre de l'AlphabetJ
85%
Lettre de l'AlphabetZ
85%
Lettre de l'AlphabetQ
84%
Lettre Bien PlacéeE
82%
Lettre Bien PlacéeG
82%
Lettre Bien PlacéeN
82%
Lettre Bien PlacéeO
82%
Lettre Bien PlacéeO
82%
État MystèreOregon
82%
Lettre Bien PlacéeR
82%

Distribution des résultats

Percentile par nombre de réponses

% des personnes avec chaque résultat

Votre développement - résultats

Vous n’avez pas pris ce quiz